Fiction : the elements of the short story

This collection of classic and contemporary short stories is organized around the basic elements of fiction (plot, setting, character, point of view and tone, theme, and style). Biographical author sketches, explanatory footnotes, discussion questions, writing topics, and a glossary of terms guide s...

Полное описание

Сохранить в:
Библиографические подробности
Главный автор: Gordon, Jane Bachman
Формат:
Язык:Undetermined
Опубликовано: New York McGraw - Hill 1999
Предметы:
Метки: Добавить метку
Нет меток, Требуется 1-ая метка записи!
Thư viện lưu trữ: Trung tâm Học liệu Trường Đại học Cần Thơ
LEADER 00953nam a2200217Ia 4500
001 CTU_108693
008 210402s9999 xx 000 0 und d
082 |a 808.3 
082 |b G662 
100 |a Gordon, Jane Bachman 
245 0 |a Fiction : 
245 4 |b the elements of the short story 
245 0 |c Jane Bachman Gordon, Karen Kuehner 
260 |a New York 
260 |b McGraw - Hill 
260 |c 1999 
520 |a This collection of classic and contemporary short stories is organized around the basic elements of fiction (plot, setting, character, point of view and tone, theme, and style). Biographical author sketches, explanatory footnotes, discussion questions, writing topics, and a glossary of terms guide students' understanding. 
650 |a Readers (secondary),Short stories,Readers,Readers 
650 |x Problems, exercises,Short story,Fiction 
904 |i Hiếu 
980 |a Trung tâm Học liệu Trường Đại học Cần Thơ